Exchange rates and international finance / (Record no. 9012)

MARC details
000 -LEADER
fixed length control field 00673nam a22002172 4500
001 - CONTROL NUMBER
control field 0000019606
005 - DATE AND TIME OF LATEST TRANSACTION
control field 20151217152158.0
008 - FIXED-LENGTH DATA ELEMENTS--GENERAL INFORMATION
fixed length control field 110112s xx 000 0 eng d
020 ## - INTERNATIONAL STANDARD BOOK NUMBER
International Standard Book Number 0273710271 :
040 ## - CATALOGING SOURCE
Original cataloging agency KABU
Transcribing agency KABU
100 1# - MAIN ENTRY--PERSONAL NAME
Personal name Copeland, Laurence S.
-- 0000179391
245 10 - TITLE STATEMENT
Title Exchange rates and international finance /
Statement of responsibility, etc. Laurence S. Copeland.
250 ## - EDITION STATEMENT
Edition statement 5th ed.
260 ## - PUBLICATION, DISTRIBUTION, ETC. (IMPRINT)
Place of publication, distribution, etc. Harlow England :
Name of publisher, distributor, etc. Prentice Hall,
Date of publication, distribution, etc. 2008.
300 ## - PHYSICAL DESCRIPTION
Extent xiii, 527 p.
650 #0 - SUBJECT ADDED ENTRY--TOPICAL TERM
Topical term or geographic name as entry element Foreign exchange rates.
-- 0000179392
650 #0 - SUBJECT ADDED ENTRY--TOPICAL TERM
Topical term or geographic name as entry element International finance.
-- 0000149975
852 1# - LOCATION
-- p1920 KES
908 ## - PUT COMMAND PARAMETER (RLIN)
Put command parameter 110112
950 ## - LOCAL HOLDINGS (RLIN)
-- 1
Holdings
Withdrawn status Lost status Source of classification or shelving scheme Not for loan Home library Current library Date acquired Total Checkouts Full call number Barcode Date last seen Price effective from Koha item type
    Library of Congress Classification   Kabarak, Main Campus Kabarak, Main Campus 17/12/2015   HG3821 ..C67 2008 c. 1 22977 17/12/2015 17/12/2015 General Collection
Designed with assistance from East African Informatics Ltd